A TEXT BOOK OF CLINICAL PHARMACY PRACTICE (Record no. 34809)

MARC details
000 -LEADER
fixed length control field 00407nam a22001697a 4500
003 - CONTROL NUMBER IDENTIFIER
control field SGT
020 ## - INTERNATIONAL STANDARD BOOK NUMBER
International Standard Book Number 978817371756
082 ## - DEWEY DECIMAL CLASSIFICATION NUMBER
Classification number 615.4
Item number C26P
100 ## - MAIN ENTRY--PERSONAL NAME
Personal name PARTHASARTHI, G.
245 ## - TITLE STATEMENT
Title A TEXT BOOK OF CLINICAL PHARMACY PRACTICE
250 ## - EDITION STATEMENT
Edition statement 2ND
260 ## - PUBLICATION, DISTRIBUTION, ETC. (IMPRINT)
Place of publication, distribution, etc HYDERABAD,
Name of publisher, distributor, etc UNIVERSITY PRESS
Year of Publication 2026
300 ## - PAGE DESCRIPTION
No. of Pages 580
650 ## - SUBJECT ADDED ENTRY--TOPICAL TERM
Topical term or geographic name as entry element PHARMACY
653 ## - KEYWORDS--INDEX TERM
Keyword term CLINICAL, PHARMACY, PRACTICE
942 ## - ADDED ENTRY ELEMENTS (KOHA)
Source of classification or shelving scheme Dewey Decimal Classification
Koha item type Books
Holdings
Withdrawn status Lost status Source of classification or shelving scheme Damaged status Not for loan Collection code Home library Current library Shelving location Date acquired Vendor Name Cost, normal purchase price SGTU Bill Number Total Checkouts Full call number Accession No. (Barcode) Date last seen Bill Date Koha item type
    Dewey Decimal Classification     PHARMACY SGT FA-FP Library SGT FA-FP Library Text Book 07/05/2026 ABC PVT. LTD. 1195.00 SGTU 22929   615.4 C26P FP5541 07/05/2026 22/04/2026 Books
    Dewey Decimal Classification     PHARMACY SGT FA-FP Library SGT FA-FP Library Text Book 07/05/2026 ABC PVT. LTD. 1195.00 SGTU 22929   615.4 C26P FP5542 07/05/2026 22/04/2026 Books
    Dewey Decimal Classification     PHARMACY SGT FA-FP Library SGT FA-FP Library Text Book 07/05/2026 ABC PVT. LTD. 1195.00 SGTU 22929   615.4 C26P FP5543 07/05/2026 22/04/2026 Books
    Dewey Decimal Classification     PHARMACY SGT FA-FP Library SGT FA-FP Library Text Book 07/05/2026 ABC PVT. LTD. 1195.00 SGTU 22929   615.4 C26P FP5544 07/05/2026 22/04/2026 Books
    Dewey Decimal Classification     PHARMACY SGT FA-FP Library SGT FA-FP Library Text Book 07/05/2026 ABC PVT. LTD. 1195.00 SGTU 22929   615.4 C26P FP5545 07/05/2026 22/04/2026 Books
    Dewey Decimal Classification     PHARMACY SGT FA-FP Library SGT FA-FP Library Text Book 07/05/2026 ABC PVT. LTD. 1195.00 SGTU 22929   615.4 C26P FP5546 07/05/2026 22/04/2026 Books
    Dewey Decimal Classification     PHARMACY SGT FA-FP Library SGT FA-FP Library Text Book 07/05/2026 ABC PVT. LTD. 1195.00 SGTU 22929   615.4 C26P FP5547 07/05/2026 22/04/2026 Books
    Dewey Decimal Classification     PHARMACY SGT FA-FP Library SGT FA-FP Library Text Book 07/05/2026 ABC PVT. LTD. 1195.00 SGTU 22929   615.4 C26P FP5548 07/05/2026 22/04/2026 Books
    Dewey Decimal Classification     PHARMACY SGT FA-FP Library SGT FA-FP Library Text Book 07/05/2026 ABC PVT. LTD. 1195.00 SGTU 22929   615.4 C26P FP5549 07/05/2026 22/04/2026 Books
    Dewey Decimal Classification     PHARMACY SGT FA-FP Library SGT FA-FP Library Text Book 07/05/2026 ABC PVT. LTD. 1195.00 SGTU 22929   615.4 C26P FP5550 07/05/2026 22/04/2026 Books